Spirit of Hindu Law (Record no. 1848497)

MARC details
000 -LEADER
fixed length control field 00555nam a22002057a 4500
005 - DATE AND TIME OF LATEST TRANSACTION
control field 20260424112907.0
008 - FIXED-LENGTH DATA ELEMENTS--GENERAL INFORMATION
fixed length control field 260424b |||||||| |||| 00| 0 eng d
037 ## - SOURCE OF ACQUISITION
Terms of availability DSWL
040 ## - CATALOGING SOURCE
Original cataloging agency DSWL
Transcribing agency DSWL
041 ## - LANGUAGE CODE
Language code of original eng
084 ## - COLON CLASSIFICATION NUMBER
Classification number Q2(Z) Q0
100 ## - MAIN ENTRY--PERSONAL NAME
Personal name Davis, Jr.
9 (RLIN) 1235625
245 ## - TITLE STATEMENT
Title Spirit of Hindu Law
260 ## - PUBLICATION, DISTRIBUTION, ETC.
Place of publication, distribution, etc. New Delhi,
Name of publisher, distributor, etc. Cambridge Univ Pr,
Date of publication, distribution, etc. 2010
300 ## - PHYSICAL DESCRIPTION
Extent 194p
365 ## - TRADE PRICE
Price type code INR
Price amount 795
700 ## - ADDED ENTRY--PERSONAL NAME
Personal name R. Donald
9 (RLIN) 1235626
942 ## - ADDED ENTRY ELEMENTS (KOHA)
Source of classification or shelving scheme Colon Classification (CC)
Koha item type Textual
Classification part Q2(Z) Q0
Suppress in OPAC No
Holdings
Withdrawn status Lost status Source of classification or shelving scheme Damaged status Not for loan Home library Current library Date acquired Source of acquisition Cost, normal purchase price Total Checkouts Full call number Barcode Date last seen Price effective from Koha item type
    Colon Classification (CC)     Department of Social Work Library Department of Social Work Library 2026-04-24 Anshika Book International 795.00   Q2(Z) Q0 SW0032405 2026-04-24 2026-04-24 Textual
Copyright @ Delhi University Library System